[Event "Corus"]
[Site "Wijk aan Zee"]
[Date "2008.01.13"]
[Round "2"]
[White "Leko, Peter"]
[Black "Adams, Michael"]
[Result "1/2-1/2"]
[WhiteElo "2753"]
[BlackElo "2726"]
[Annotator "Marin,M"]
[PlyCount "196"]
[EventDate "2008.01.12"]
[EventType "tourn"]
[EventRounds "13"]
[EventCountry "NED"]
[EventCategory "20"]
[SourceTitle "CBM 122"]
[Source "ChessBase"]
[SourceDate "2008.01.30"]
[SourceVersion "1"]
[SourceVersionDate "2008.01.30"]
[SourceQuality "1"]

1. e4 e5 2. Nf3 Nc6 3. Bb5 a6 4. Ba4 Nf6 5. O-O Be7 6. Re1 b5 7. Bb3 d6 8. c3
O-O 9. h3 Bb7 10. d4 Re8 11. Nbd2 Bf8 12. d5 {This has never been the really
main continuation here, but the move is quite principled and should be
regarded as one of the cornerstones of the whole Zaitsev system. The ensuing
structure is highly assymetrical and, although abstractly speaking the mutual
weaknesses should compensate for each other, over the board it is not always
easy to have the right orientation, especially when confronted with a new idea.
} Nb8 13. Nf1 Nbd7 14. N3h2 Nc5 ({In some earlier comments, I considered the
prophylactic} 14... h6 {to be necessary, before breaking White's centre, but
the fashion does not seem to agree with me...} 15. Ng4 {Naiditsch,A (2664)
-Svidler,P (2742)/Dortmund 2006/CBM 114/[Marin,M] (1/2-1/2, 59)} (15. Qf3 {
Bruzon Bautista,L (2667)-Morozevich,A (2731)/Biel 2006/CBM 114/[Marin,M] (0-1,
53)})) 15. Bc2 c6 16. b4 Ncd7 17. dxc6 Bxc6 18. Bg5 h6 {An interesting moment.
This move might look like a loss of time.} ({Why not develop the queen with} 
18... Qc7 {instead? The answer is given by practical games and has an abstract
explanation as well. Let's see.} 19. Bxf6 {(Anyway; for the moment, it might
seem that ...h6 is a loss of time, indeed!)} Nxf6 20. Ng4 Be7 {This is the
almost unanimous answer here.} ({In the event of} 20... Nxg4 {White can play}
21. hxg4 $1 {increasing his control on the light squares and obtaining some
chances for a kingside attack along the h-file. With his queen on d8 still,
Black could have played ...d5 here, but now this is impossible. The following
game was played between two veterans and I believe we should trust White's
play, because he had his best times in a period when many basic principles of
the Ruy Lopez were established.} Rac8 22. Bb3 Bd7 23. Rc1 Be7 24. Ne3 Bg5 25.
Nd5 Qb8 26. Rc2 Rc6 27. g3 Qc8 28. f3 Be6 29. Qd3 Bd8 30. Kg2 $16 {[%cal Ge1h1]
Jansa,V (2482)-Klovans,J (2433)/Arvier 2006/CBM 114 ext (1-0, 41)}) 21. Nxf6+
Bxf6 {Navara had had this position with White and failed to obtain anything
tangible. However, when he chose the whole setup with Black, an unpleasant
surprise awaited him.} 22. Bb3 $1 $146 (22. Ne3 Bg5 23. Nf5 g6 24. Ne3 Rad8 25.
Qd3 Bxe3 26. Qxe3 d5 $11 {Navara,D (2656)-Ivanov,A (2565)/Khanty-Mansiysk 2007
(1-0, 45)}) 22... a5 ({The drawbacks of the early queen move can be seen after
} 22... Bd7 23. Ne3 $1 {when Her majesty remains exposed to the knight move to
d5. Winning the pawn with} Qxc3 {does not absolve Black from problems after}
24. Nd5 Qd4 25. Qf3 $36) 23. bxa5 $1 {White spoils his queenside structure in
order to maintain a firm grip on the light squares and the initiative.} Rxa5
24. Qf3 Bd7 25. Ne3 Be6 (25... Qxc3 $6 26. Qh5 $16 {[%csl Gf7][%cal Ge3d5]} g6
$2 27. Qf3 $1 $18 {In the event of the "obvious"} Kg7 {White has a choice
between} 28. Nf5+ {and 28.Qxf6!+}) 26. Nd5 {Once again, the queen's exposure
is obvious.} Bxd5 ({Black's position after} 26... Qd8 $5 {is far from
appealing (especially that now the queen maneouvre can be considered a loss of
time with respect to ...h6), but this might have been his last chance to get a
survivable position.}) 27. Bxd5 $16 {The presence of opposite coloured bishops
makes White's attack hard to resist.} Rc8 28. Re3 Qd7 29. Rd1 Bd8 30. Qh5 Bb6
31. Rf3 Rf8 32. Bxf7+ $1 Rxf7 33. Rxd6 Qa7 34. Qxf7+ Qxf7 35. Rxf7 Kxf7 36.
Rxb6 $18 {Almasi,Z (2691)-Navara,D (2656)/Reggio Emilia 2008/ (1-0, 58). The
conclusion is that in certain cases the best square for the queen is... d8!
The explanation is that from the initial square the balance between control on
the oposite wings and the centre is relatively good. This only applies if the
rooks do not need communication, as in the cases when the position is open and
play has a dynamic character.}) 19. Bxf6 Nxf6 20. Ng4 Nxg4 21. Qxg4 ({As
mentioned above,} 21. hxg4 $6 {can be met by} d5 $1 $36) 21... Rc8 {[%csl Gc3]}
(21... d5 $6 {allows White activate his play with} 22. exd5 Qxd5 23. Bb3 {
[%cal Yf1e3,Ya1d1,Ye3f5,Yb3f7,Yd1d7] 1-0 Adams,M (2742)-Ponomariov,R (2727)/
Linares 2002/CBM 088/[Wedberg] (76)}) (21... Bd7 {is likely to transpose to
the game continuation.}) 22. Bb3 Bd7 23. Qf3 Be6 {Both sides have more or less
completed their regroupings. Black has managed to neutralise the enemy
bishop's pressure and exerts some pressure against the c3-pawn and the
c4-square himself. However, his other bishop remains passive for the time
being. The position has a static character, but both sides can consider
abruptly changing the situation.} 24. Red1 $5 $146 {Why this rook? Leko
obviously intends to play a4 at some moment, considering that he does not need
a rook on the e-file.} ({The exchange} 24. Bxe6 fxe6 {only strengthens Black's
centre. Bacrot proved the position to be entirely playable for Black.} 25. a4
Qd7 (25... Qc7 26. axb5 axb5 27. Ra3 Ra8 28. Rea1 Rxa3 29. Rxa3 Be7 30. Qd3 Qc6
31. Ne3 Rc8 32. g3 Bg5 33. h4 Bxe3 34. Qxe3 Kh7 $11 35. Ra5 Qxc3 36. Qxc3 Rxc3
37. Rxb5 Rc4 38. Rb6 Rxe4 39. Rxd6 Rxb4 40. Rxe6 Rb5 41. Kg2 {1/2-1/2 Leko,P 
(2763)-Bacrot,E (2729)/Dortmund 2005/CBM 108}) 26. axb5 axb5 27. Qd3 Qc6 28.
Ra3 d5 29. exd5 exd5 30. Ne3 d4 31. cxd4 exd4 32. Qxd4 Re4 33. Qa1 Bxb4 $132 {
Kulaots,K (2570)-Bacrot,E (2729)/Gothenburg 2005/CBM 109 (0-1, 123)}) (24. Rec1
{overdefends the c3-pawn, but the rook remains under a relative pin.} Be7 25.
Rc2 a5 26. Qd3 Bxb3 27. axb3 axb4 28. Ne3 bxc3 29. Rxc3 Rxc3 30. Qxc3 Bg5 31.
Nd5 $44 {Anand,V (2792)-Kasimdzhanov,R (2683)/Mainz 2007/CBM 120 (1-0, 45)}) (
24. Rad1 Re7 (24... a5 $5 {looks more ambitious.}) 25. Rd3 Rec7 26. Ng3 Qg5
$132 {1/2-1/2 Vouldis,A-Cela,A/Athens 1997/EXT 2004 (44)}) 24... Qg5 {Adams
spotted the abstract drawback of Leko's novelty: the e4-pawn is insufficiently
defended! Well, this was obvious in fact, but the manner he chose to take
advantage of it is rather original.} ({In the event of} 24... a5 {White could
have played} 25. Bxe6 fxe6 26. a4 $5 {, when the rook placement chosen by Leko
would have been entirely justified.}) (24... Re7 $5 {[%cal Ge7c7]}) 25. Rd3 Qf4
26. Qe2 {It might seem that Black just lost time. Soon he will be pushed back
with the daring queen...} (26. Qxf4 exf4 {[%cal Ge8e4]} 27. Nd2 Be7 $132 {
[%cal Ge7f6]}) 26... Bxb3 $5 27. axb3 d5 {The only logical continuation.
Otherwise, Black would be just worse, with his queen rather misplaced on f4.
However, after opening the a-file, Leko's strategy looks justified anyway.} 28.
Rxd5 {After this overcautious move, White's advantage will be microscopic.} ({
The critical continuation is} 28. exd5 e4 29. Re3 Qe5 (29... Qd6 30. Ng3 {
could more or less transpose.}) 30. Rxa6 f5 {Apparently, White is under some
pressure, but he can strive for counterplay with} 31. Ng3 Qxd5 32. Qh5 {
Here, we can see a drawback of the move ...h6: with the pawn on h7, Black
would simply play ...g6. Well, there is no such thing as the perfect move,
especially when you play with Black. Anyway, only further practical testing
will reveal the objective merits of Adams' plan.}) 28... Rxc3 29. Rxa6 Rxb3 30.
Nd2 Rxb4 31. g3 Qg5 32. Rb6 Rd8 33. Rbxb5 Rxd5 34. Rxd5 {The position has
become almost symmetrical and the number of pawns has been reduced drastically.
However, White's knight is stronger than the bishop in such positions with
pawns on just one wing.} Rb2 35. h4 Qf6 36. Qe3 Rc2 37. Nf3 Bc5 $5 {Adams opts
for a practical decision. The queen ending is a theoretical draw and he will
prove that he knows how to defend it!} ({Playing on with all the pieces is
slightly dangerous, for instance} 37... Bd6 38. Kg2 Bc7 {[%csl Rf2][%cal Gc7b6]
} 39. Qd3 Ra2 40. Qb3 Ra8 (40... Re2 $2 41. Qc4 $18 {[%csl Gc7,Ge2]}) 41. h5
$14 {with domination on light squares for White and... long suffering ahead
for Black.}) 38. Rxc5 Rxc5 39. Qxc5 Qxf3 40. Qxe5 $14 h5 41. Qb8+ Kh7 42. Qf4
Qd1+ 43. Kg2 Kg8 44. Qb8+ Kh7 45. Qb5 f6 46. Qf5+ Kh6 47. Qf3 Qd7 48. Qc3 Qd6
49. Qc2 Qd4 50. Kf3 Qa1 51. Qd3 Qb2 52. Qd5 Qc3+ 53. Ke2 Kg6 54. Qd2 Qb3 55.
Qd3 Qb2+ 56. Ke3 Kf7 57. Qd4 Qc1+ 58. Qd2 Qc5+ 59. Ke2 Qb5+ 60. Qd3 Qb2+ 61.
Kf3 Qa1 62. Qc2 Qd4 63. Ke2 Qb4 64. Qa2+ Kg6 65. Qd5 Qb2+ 66. Ke3 Qc3+ 67. Qd3
Qc5+ 68. Ke2 Qe5 69. f4 Qb2+ 70. Kf3 Qb7 71. g4 hxg4+ 72. Kxg4 Qc8+ 73. Kg3 Kf7
74. e5 fxe5 75. fxe5 Qe6 76. Qe4 g6 77. Qb7+ Ke8 78. Qb8+ Kd7 79. Qb5+ Ke7 80.
Qb4+ Kf7 81. Qe4 Kg7 82. Kf4 Qf7+ 83. Ke3 Qe6 84. Qd4 Qb3+ 85. Qd3 Qb6+ 86. Ke4
Qc6+ 87. Qd5 Qc2+ 88. Qd3 Qc6+ 89. Ke3 Qc5+ 90. Qd4 Qc1+ 91. Kd3 Qd1+ 92. Kc4
Qa4+ 93. Kc5 Qa7+ 94. Kd5 Qd7+ 95. Ke4 Qg4+ 96. Ke3 Qg1+ 97. Kd3 Qd1+ 98. Ke4
Qg4+ 1/2-1/2

[Event "Biel GM"]
[Site "Biel"]
[Date "2006.07.24"]
[Round "1"]
[White "Bruzon Batista, Lazaro"]
[Black "Morozevich, Alexander"]
[Result "0-1"]
[WhiteElo "2667"]
[BlackElo "2731"]
[Annotator "Marin,M"]
[PlyCount "106"]
[EventDate "2006.07.24"]
[EventType "tourn"]
[EventRounds "10"]
[EventCountry "SUI"]
[EventCategory "17"]
[SourceTitle "CBM 114"]
[Source "ChessBase"]
[SourceDate "2006.10.02"]
[SourceVersion "1"]
[SourceVersionDate "2006.10.02"]
[SourceQuality "1"]

1. e4 e5 2. Nf3 Nc6 3. Bb5 a6 4. Ba4 Nf6 5. O-O Be7 6. Re1 b5 7. Bb3 d6 8. c3
O-O 9. h3 Re8 ({The traditional move order to reach the Zaitsev Variation
starts with} 9... Bb7 {but the rich practice in the Anti-Marshall systems at
the highest level suggests that the bishop is not too well placed on the long
diagonal in the structure arising after} 10. d3) 10. d4 Bb7 {Now that the
e4-pawn has been "weakened" by the resolute advance of his colleague, Black
has no more reasons to refrain from this move.} 11. Nbd2 Bf8 12. d5 {Blocking
the centre before completing the development has never been part of the main
stream of theory. White is not prepared yet to consolidate his advantage of
space in the centre by means of c4 in case of Black's predictable pawn break ..
.c6, but is striving for active piece play instead.} Nb8 13. Nf1 Nbd7 14. N3h2
h6 {Necessary prophylaxis. Before starting his counterplay, Black denies the
enemy bishop's access to g5. In case of the immediate} (14... Nc5 15. Bc2 c6 {
White could play} 16. b4 (16. dxc6 Bxc6 17. Bg5) 16... Ncd7 17. dxc6 Bxc6 18.
Bg5 {with good chances of obtaining the absolute control of the critical
d5-square.}) 15. Qf3 $146 {A somewhat mysterious novelty. Apparently, the
queen can do little harm to Black's solidly defended king side. However, White
connects his secret hopes with the indirect pressure exerted against the
f7-pawn, the Akhile's heel in Black's position.} ({The other way to indirecty
fight for the centre is} 15. Ng4 {Naiditsch,A (2664)-Svidler,P (2742)
Sparkassen Dortmund GER 2006 (5) 1/2 and was seen in another game annotated
for this same issue of CBM,}) ({The neutral} 15. Ng3 {does not question the
corectness of Black's plan in any way.} Nc5 (15... c5 {is a solid, but
somewhat passive alternative, allowing White consolidate his advanatge of
space.} 16. Bc2 Bc8 17. Be3 Nb6 18. b3 a5 19. Bd3 Ba6 20. Qe2 c4 21. bxc4 Nxc4
22. Bxc4 bxc4 23. Ng4 Nxg4 24. Qxg4 Rb8 25. Reb1 g6 26. Qd1 Qc7 27. Qa4 Rec8
28. f3 Kh7 29. Bf2 h5 $14 {1/2-1/2 Anand,V (2765)-Ivanchuk,V (2740)/Linares
1997/CBM 057}) 16. Bc2 c6 17. b4 Ncd7 18. dxc6 Bxc6 19. Bb3 Nb6 20. Ng4 Nc4 21.
Nf5 Re6 {Black has reached a favourable placement of pieces and can look
forward with optimism.} 22. Nfe3 Nxe4 23. Nd5 Ng5 24. Bxg5 Qxg5 25. Nc7 Rg6 26.
Nxa8 Bxa8 {0-1 Handke,F (2450)-Vescovi,G (2590)/Bermuda 2002/CBM 088 (42).
with more than enough compensation for the sacrificed exchange.}) 15... Nc5 16.
Bc2 c6 17. b4 {For the sake of returning with the bishop to b3, White is ready
to weaken his c4- and a4-squares.} Na4 {Black immediately tries to take
advantage of a possible drawback of White's defining the position of his queen
so soon and jumps with the knight on a more active square than the customary
d7. However, in view of White's possible reply mentioned in the next comment,
the alternatives deserve being investigated as well.} ({The natural} 17... Ncd7
$6 {justifies White's novelty after} 18. dxc6 Bxc6 19. Bb3 Nb6 $6 {(The
transfer of the knight to c4 is quite desirable from strategic point of view,
but here Black has no time for it. Relatively better is)} (19... a5 {although
after} 20. a3 {, clearing the a2-square for the bishop, White maintains his
pressure. True, in case of} axb4 {he would be forced to capture away from the
centre with} 21. cxb4 {, leaving the d4-square without pawn control, but at
the same time this would open the long diagonal allowing to inhibit the
thematical break with ...d5 by placing the queen's bishop on b2.}) 20. Ng4 $1 {
This is when the hidden weakness of the f7-square makes itself felt. Black is
not in time to consolidate the f6-knight with} Be7 {, with the hope of playing
his other knight to c4 next because of} 21. Bxh6 $1 {I admit that this line is
slightly too cooperative, but if Black cannot block the c4-square in proper
way, it might just mean that his position is worse strategically. But what
else can Black do apart from moving with the attacked knight?}) ({It appears
that he can try to take advantage of the exposed position of the white queen
by more direct means than Morozevich' move, namely with} 17... cxd5 $5 18. bxc5
dxe4 $1 {This intermediate move would not be effective if the queen was on its
initial square. Now, Black plans to simply play ...d5 followed soon by the
capture on c5, obtaining 3 pawns for a knight and retaining a compact
structure, which would make his position entirely viable. White cannot cross
Black's intentions with} 19. Qg3 ({The attempt to diminish Black's influence
in the centre by returning part of the material with} 19. Bxe4 $6 Nxe4 20. Rxe4
Bxe4 21. Qxe4 {would hardly solve the problem. After} d5 22. Qe3 Rc8 {Black
will soon have a rook and two pawns for 2 knights and a flexible position.}) {
because of} 19... Nh5 20. Qg4 Nf6) 18. dxc6 {Releasing the tension in the
centre so easily is a concession that justifies Black's slightly extravagant
knight jump.} ({It is hard to say why did Bruzon refrain from} 18. Bxa4 $1 bxa4
({Could he have been afraid of} 18... cxd5 $2 {. If so, he must have missed
that after} 19. Bb3 dxe4 20. Qg3 $16 Nh5 $6 {he has the devastating} 21. Qg6 $1
$18 {, a resource that was not available in the variation from the previous
comment.}) 19. c4 {By consolidating the d5-pawn, White strongly restricts the
b7-bishop.} cxd5 20. exd5 $14 {It is not easy for Black to display any
activity, while White can gradually build up his king side attack with g4, Ng3,
etc.} ({But not} 20. cxd5 $6 {when Black could transfer his bishop to b5
starting with} Bc8)) 18... Bxc6 19. Ng4 {Eliminating one of the key defenders
of the d5-square.} ({Now} 19. Bxa4 bxa4 20. c4 {would be less effective
because of} Rc8 {followed by the transfer of the bishop to e6, when the
pressure against the c4-pawn would offer Black entirely adequate play.}) 19...
Nxg4 20. hxg4 Bd7 21. Bd2 Rc8 22. Bb3 Be6 {An important moment. Both sides
have placed their light squared bishops in optimal way from the point of view
of the fight for the c4- and d5-squares. Neither bishop would willingly
capture his rival because this would improve the opponent's control over the
centre. We can notice some sort of symmetry between the groups of pawns f7, e5,
d6 and a2, b4, c3, blocked by e4 and b5 respectively. Both sides still have to
transfer the knights to c4 and d5; that one who will manage it first will have
chances for an advantage.} 23. Rac1 {We can notice how much better the knight
is placed on a4 than would have been on d7: White needs to spend a tempo on
overdefending the c3-pawn in order to enable the knight jump to e3. This
speaks by itself in favor of the capture on a4 right after the opening.} Nb2 {
The knight moves closer to c4 preventing on the way the similar Ne3 in view of
the fork on d3.} 24. Qe2 Nc4 25. Ne3 {Finally, this knight approaches the
desired square, but this is only a partial success. White will need to control
the d5-square with more pieces, in order to maintain his structure intact in
case of an eventual capture. The badly placed d2-bishop makes this plan rather
slow, allowing Black to develop his initiative.} Qd7 26. f3 Be7 {We can see
how much easier it is for Black to activate his potentially bad dark-squared
bishop.} 27. Red1 Qa7 {Black's pressure has reached an apogeum. I don't know
whether White's next move was a mere blunder, losing a pawn, or a constiently
assumption of the lesser evil.} 28. Bxc4 ({The main problem with the natural} 
28. Kh1 {is that after} Nxd2 29. Rxd2 Bg5 {White would be forced to carry out
the strategically unfavorable exchange on e6 with} 30. Bxe6 (30. Rd3 {would
lose material to} Bc4 $1 $19) {leaving Black on the top after} 30... fxe6 31.
Rd3 Rc6 $17) 28... Bxc4 29. Qf2 Bxa2 {Black has won a pawn, but the relatively
blocked character of the structure requires considerable technical effort in
the next phase of the game.} 30. Ra1 Bb3 {The bishop is not stable here, but
on the way back to e6 it is useful to drive the enemy rook away from the
d-file, in order to spare any possible worries regarding the d-pawn.} 31. Rdc1
Qb7 32. Ra3 Be6 33. Rca1 Rc6 34. Rd1 Ra8 35. Qe2 Bd8 {Preparing the only
reasonable pawn break available.} 36. Nf5 a5 37. bxa5 Rxa5 38. Rxa5 Bxa5 39.
Rb1 Bxf5 40. gxf5 Bxc3 41. Bxc3 Rxc3 42. Rxb5 {If White would manage to
exchange queens, he would be out of danger because of his compact pawn
structure. However, with queens and rooks on board, the position retains
middlegame tendencies, which makes White's position pretty dangerous in view
of the exposed position of his king. It is quite suggestive that Morozevich
will not bother at all to defend his backward (and to a certain extent,
useless) d-pawn, but will concentrate all his forces for the mating attack.}
Rc1+ 43. Kf2 Qe7 44. Qd2 Qh4+ 45. Ke3 Qh1 {Black's attack is obviously winning,
both for humans and for computers. However, humans sometimes tend to carry out
the attack with quiet moves, which somewhat prolongs the process although it
never puts the final result under doubt, while computers offer more resolute
and shorter solutions.} 46. Rb2 Rf1 {Morozevich intends to slowly push the
enemy king to the centre. Therefore, he takes the f2-square under control in
order to check on g1 without allowing the interposing of the white king.} ({
And yet, this prophylaxis was hardly necessary as can be seen from the
following computer line:} 46... Qg1+ 47. Qf2 (47. Kd3 Rd1 $19) (47. Ke2 Qxg2+)
47... Qd1 {/\Rc3#} 48. Qd2 (48. Qe2 Qd4#) 48... Qf1 {and the threat ...Re1 is
impossible to parry in a favourable way.}) 47. Qxd6 f6 48. Qd5+ Kh7 {In
certain cases, the king could march in to g3, after a previous advance of the
h-pawn. This would offer Black the additional idea of exchanging all the
remaining pieces in order to obtain t won pawn ending.} 49. Rd2 Qg1+ 50. Kd3
Rc1 51. Qf7 Qf1+ 52. Re2 Rc8 {Calmly preventing the perpetual check and
threatening with a deadly...Rd8+.} 53. Qd7 Qb1+ ({Computer now announces mate
in 5, but for humans the variation} 53... Qb1+ 54. Ke3 Qb6+ 55. Kd3 Rd8 {
is simpler to calculate and equally convincing. It would be interesting to
know which of these two possibilities did Bruzon see when he resigned.
Personally, I would bet on the variation winning the queen, which was the
first to spring up to my mind when I analyzed the game.}) 0-1